Dialogues des 20 meilleurs films selon l'American Film Institute. - Statistiques

Statistiques générales
  • Ce quiz a été pris 22 fois
  • Le résultat moyen est 8 sur 20
Statistiques - réponses
HINT HINT HINT ANSWER % Correct
"Je vais lui faire une offre qu'il ne pourra pas _______." Le Parrain 1972 refuser
100%
"Que la _____ soit avec toi." Star Wars, épisode IV : Un nouvel espoir 1977 force
95%
"C'est à ___ que tu parles ?" Taxi Driver 1976 moi
95%
"Franchement, ma chère, c'est le cadet de mes ______." Autant en emporte le vent 1939 soucis
95%
"Maman, je suis le maître du _____ !" L'enfer est à lui 1949 monde
80%
"E.T. _________ maison." E.T. l'extra-terrestre 1982 téléphone
75%
"À tes beaux ____." Casablanca 1942 yeux
70%
"L'_____, c'est n'avoir jamais à dire qu'on est désolé." Love Story 1970 amour
55%
"J'aime l'odeur du ______ au petit matin." Apocalypse Now 1979 napalm
55%
"_______" Citizen Kane 1941 Rosebud
25%
"Je sens, très cher, que nous vivons le début d'une très belle ______." Casablanca 1942 amitié
20%
"Bouclez vos ceintures de sauvetage, la nuit va être ___________!" Ève 1950 mouvementée
20%
"Nous ne devons plus être au ______, qu'en penses-tu ?" Le Magicien d'Oz 1939 Kansas
15%
"Ils disent courtoisement ________ Tibbs !" Dans la chaleur de la nuit 1967 Monsieur
15%
"Je suis fou de ____ et je commence à en avoir ras le bol de tout ça !" Network : Main basse sur la télévision 1976 rage
10%
"Tu comprends pas ! J'aurais pu avoir de la classe, j'aurais pu être un ________. J'aurais pu être quelqu'un au lieu de n'être qu'un tocard, ce que je suis." Sur les quais 1954 champion
5%
"Vas-y, fais-moi ______ !" Le Retour de l'inspecteur Harry 1983 plaisir
5%
"Voilà, M. DeMille, je suis prête pour mon gros ____ !" Boulevard du crépuscule 1950 plan
5%
"L'étoffe dont sont faits les _____." Le Faucon maltais 1941 rêves
5%
"Ce que nous avons ici, c'est un manque de _____________." Luke la main froide 1967 communication
0%
Aucun quiz correspondant
Distribution des résultats
% des personnes avec chaque résultat
Percentile par nombre de réponses
Votre historique - résultats
Vous n’avez pas pris ce quiz